000
00214nam a22000857a 4500
008
170218b xxu||||| |||| 00| 0 eng d
100
_9
2906
_a
Wason V
245
_a
Business Studies XI
260
_a
New Delhi
_b
S.Chand
_c
2012
999
_c
6141
_d
6141